| 000 | 00497nam a2200181Ia 4500 | ||
|---|---|---|---|
| 001 | 9488 | ||
| 005 | 20260306161722.0 | ||
| 008 | 260306t2007||||xx |||||||||||||| ||spa|| | ||
| 041 | _aESP | ||
| 082 |
_a379.20985 _bM84 |
||
| 100 |
_aMontes Iturrizaga, Iván _eAUT |
||
| 245 | 0 |
_aDesafíos y tensiones de la descentralización de la educación en el Perú: _bUn estudio en directores de Arequipa |
|
| 260 | _c2007 | ||
| 300 |
_a _c |
||
| 650 | _aGEN | ||
| 654 | _aCED | ||
| 942 |
_cLIB _dJUS _fJUS _2ddc _n |
||
| 999 |
_c9488 _d9488 |
||